00278nam a2200109Ia 4500008004100000020001800041040002900059050002900088100001500117245001300132260002300145230107s9999||||xx |||||||||||||| ||und|| a9966-22-485-8 cChuka University Library aFIC PL 8704bH22P37 2005 aHabwe John 0aParadiso aJKFbNairobic2005